Ochrana práv zamestnancov a zamestnávateľov

Zamestnávatelia a zamestnanci majú v pracovnoprávnych vzťahoch práva a povinnosti, ktoré musia dodržiavať k spokojnosti jednej aj druhej strany. Práva a povinnosti zamestnanca a zamestnávateľa.

Na minha lista:
Detalhes bibliográficos
Autor principal: Tomiová, Sandra
Formato: Capítulo de Livro
Idioma:eslovaco
Assuntos:
Tags: Adicionar Tag
Sem tags, seja o primeiro a adicionar uma tag!

MARC

LEADER 00000naa$a2200000$$$4500
001 0109485
005 20231120112738.7
041 0 |a slo 
044 |a SK 
245 1 0 |a Ochrana práv zamestnancov a zamestnávateľov  |c Sandra Mrukviová Tomiová 
520 |a Zamestnávatelia a zamestnanci majú v pracovnoprávnych vzťahoch práva a povinnosti, ktoré musia dodržiavať k spokojnosti jednej aj druhej strany. Práva a povinnosti zamestnanca a zamestnávateľa. 
610 2 0 |a zamestnanci 
610 2 0 |a zamestnávatelia 
610 2 0 |a vzťahy pracovnoprávne 
610 2 0 |a povinnosti pracovníkov 
610 2 0 |a povinnosti zamestnávateľov 
610 2 0 |a práva pracovníkov 
100 1 |a Tomiová, Sandra